[Event "Euskadi ch"]
[Site "Amorebieta"]
[Date "2006.04.19"]
[Round "3.3"]
[White "HUERGA LEACHE, Mikel"]
[Black "NAVARRO CIA, Miguel"]
[Result "1/2-1/2"]
[WhiteElo "2244"]
[BlackElo "2307"]
[PlyCount "134"]
[EventDate "2006.04.18"]

1. e4 c5 2. d3 d5 3. Nd2 Nc6 4. Ngf3 e5 5. g3 g6 6. Bg2 Nge7 7. exd5 Nxd5 8.
O-O Bg7 9. Nb3 b6 10. a4 O-O 11. a5 Rb8 12. c3 Bf5 13. Qe2 Re8 14. Rd1 Qd7 15.
Qf1 h6 16. h3 Rbd8 17. axb6 axb6 18. Ne1 Be6 19. Nd2 f5 20. Kh2 Ra8 21. Rxa8
Rxa8 22. Nc4 b5 23. Bxd5 Qxd5 24. Nb6 Qb3 25. Nxa8 Qxd1 26. Qh1 Qxc1 27. Qxc6
Bf7 28. Ng2 c4 29. dxc4 bxc4 30. Qb6 f4 31. Nc7 Kh7 32. Ne6 Bxe6 33. Qxe6 Qxb2
34. gxf4 exf4 35. Nxf4 Qxf2+ 36. Ng2 Qf1 37. h4 h5 38. Qe7 Qd3 39. Nf4 Qxc3 40.
Qe4 Qf6 41. Qxc4 Qxh4+ 42. Kg1 Qg4+ 43. Kh1 Qf5 44. Nxg6 Qxg6 45. Qd5 Bf6 46.
Qd7+ Kh6 47. Qe6 h4 48. Qe3+ Bg5 49. Qf3 Qe6 50. Kg2 Qe7 51. Kh3 Qb4 52. Qc6+
Kg7 53. Qf3 Qb6 54. Qc3+ Bf6 55. Qf3 Qd6 56. Qb7+ Kh6 57. Qf3 Qe6+ 58. Qg4 Qe3+
59. Kg2 Bg5 60. Qf3 Qd2+ 61. Kh3 Qd6 62. Kg2 Bf4 63. Kh3 Bg3 64. Qe3+ Kg6 65.
Qf3 Qd2 66. Qe2 Qd5 67. Qe4+ Qxe4 1/2-1/2

[Event "Euskadi ch"]
[Site "Amorebieta"]
[Date "2006.04.19"]
[Round "3.4"]
[White "OLAIZOLA ORTEGA, Luis"]
[Black "LIMERES, Cristobal"]
[Result "1/2-1/2"]
[WhiteElo "2216"]
[BlackElo "2238"]
[PlyCount "73"]
[EventDate "2006.04.18"]

1. d4 e6 2. Nf3 Nf6 3. c4 c5 4. g3 cxd4 5. Nxd4 d5 6. Bg2 e5 7. Nf3 d4 8. O-O
Nc6 9. e3 Be6 10. exd4 exd4 11. Re1 Bb4 12. Ne5 O-O 13. Nxc6 bxc6 14. Bd2 Qb6
15. Bxb4 Qxb4 16. Qd2 Qd6 17. Na3 Rab8 18. Nc2 c5 19. b3 Rfe8 20. h3 Bf5 21.
Rxe8+ Rxe8 22. Re1 Re6 23. Rxe6 Qxe6 24. Ne1 h5 25. Nf3 Ne4 26. Qf4 d3 27. Bf1
f6 28. Bxd3 Nxg3 29. Qb8+ Kh7 30. Qxg3 Bxd3 31. Ng5+ fxg5 32. Qxd3+ Kh6 33. Kg2
Qa6 34. Qe3 Qc6+ 35. f3 Kg6 36. Qd3+ Kf6 37. Qd8+ 1/2-1/2

[Event "Euskadi ch"]
[Site "Amorebieta"]
[Date "2006.04.19"]
[Round "3.5"]
[White "ARGANDOÑA RIVEIRO, Iñigo"]
[Black "ARGAYA URDANIZ, Miguel"]
[Result "1-0"]
[WhiteElo "2352"]
[BlackElo "2073"]
[PlyCount "29"]
[EventDate "2006.04.18"]

1. d4 Nf6 2. Bg5 e6 3. e4 h6 4. Bxf6 Qxf6 5. c3 e5 6. Nf3 exd4 7. cxd4 Bb4+ 8.
Nc3 O-O 9. e5 Qg6 10. Bd3 Qxg2 11. Rg1 Qh3 12. Rg3 Bxc3+ 13. bxc3 Qh5 14. Qb3
d6 15. Bg6 1-0

[Event "Euskadi ch"]
[Site "Amorebieta"]
[Date "2006.04.19"]
[Round "3.6"]
[White "DIEZ FRAILE, David"]
[Black "AXPE BALENCIAGA, Iñigo"]
[Result "1-0"]
[WhiteElo "2170"]
[BlackElo "2038"]
[PlyCount "69"]
[EventDate "2006.04.18"]

1. e4 c6 2. d4 g6 3. Nc3 Bg7 4. Bc4 e6 5. Nf3 d5 6. Bb3 Nf6 7. e5 Nfd7 8. Ne2
c5 9. c3 Nc6 10. O-O b6 11. Nf4 Ba6 12. Re1 c4 13. Bc2 Qc7 14. Ng5 Nf8 15. b3
O-O-O 16. Ba3 Nxe5 17. dxe5 Bxe5 18. Ne2 Bxh2+ 19. Kh1 h6 20. Nxf7 Qxf7 21.
Kxh2 Qxf2 22. Qd4 Qxd4 23. Nxd4 Re8 24. bxc4 e5 25. cxd5 Nd7 26. Ne6 Bc4 27.
Bb3 Bxb3 28. axb3 Nf6 29. c4 Kd7 30. Bb2 a5 31. Kg3 Nh5+ 32. Kh3 g5 33. Bxe5
Rhg8 34. g3 Rg6 35. Rf1 1-0

[Event "Euskadi ch"]
[Site "Amorebieta"]
[Date "2006.04.19"]
[Round "3.8"]
[White "ARIAS GARCIA, Luis Javier"]
[Black "URIA RAMIREZ, Aitor"]
[Result "1-0"]
[WhiteElo "2196"]
[BlackElo "2015"]
[PlyCount "49"]
[EventDate "2006.04.18"]

1. e4 c5 2. Nf3 Nc6 3. d4 cxd4 4. Nxd4 Nf6 5. Nc3 e6 6. Ndb5 d6 7. Bf4 e5 8.
Bg5 a6 9. Na3 b5 10. Nd5 Be7 11. Bxf6 Bxf6 12. c3 O-O 13. g3 Bg5 14. Nc2 f5 15.
exf5 Bxf5 16. Bg2 Rb8 17. Ncb4 Nxb4 18. Nxb4 Qf6 19. O-O a5 20. Nc6 Rbc8 21.
Nxa5 Kh8 22. Nc6 Bd7 23. Nb4 Qe6 24. Qd3 Rc4 25. Bd5 1-0

[Event "Euskadi ch"]
[Site "Amorebieta"]
[Date "2006.04.20"]
[Round "3.9"]
[White "HERNANDEZ PEREZ, Jesus"]
[Black "SALINERO DE PRADO, Juan M"]
[Result "0-1"]
[WhiteElo "2036"]
[BlackElo "2128"]
[PlyCount "88"]
[EventDate "2006.04.18"]

1. d4 f5 2. Nf3 Nf6 3. g3 g6 4. c4 Bg7 5. Bg2 O-O 6. O-O d6 7. Nc3 c6 8. d5 e5
9. dxe6 Qe7 10. Nd4 Na6 11. b3 Bxe6 12. Bb2 Bf7 13. Qd2 Rfe8 14. Rfe1 Nc5 15.
Rad1 Rad8 16. Qc2 Nfe4 17. Nxe4 Nxe4 18. e3 a6 19. Rf1 d5 20. Bxe4 Qxe4 21.
Qxe4 dxe4 22. Bc3 Rd7 23. Ba5 c5 24. Ne2 Rxd1 25. Rxd1 b5 26. cxb5 axb5 27. Bc3
Bf8 28. Rd2 c4 29. Bf6 Re6 30. Bb2 Ra6 31. Nc1 Be6 32. Kg2 Be7 33. Be5 Kf7 34.
Ne2 g5 35. Nc1 Bc8 36. Bh8 Ke6 37. Bg7 Bb7 38. Kf1 Ra8 39. Ne2 Ba6 40. Nc1 h5
41. Bb2 Rg8 42. Ba1 f4 43. Kg2 fxe3 44. fxe3 g4 0-1

[Event "Euskadi ch"]
[Site "Amorebieta"]
[Date "2006.04.19"]
[Round "3.10"]
[White "ASTASIO LOPEZ, David"]
[Black "GALARZA DOCAMPO, Karmel"]
[Result "1-0"]
[WhiteElo "2074"]
[BlackElo "2149"]
[PlyCount "53"]
[EventDate "2006.04.18"]

1. d4 Nf6 2. Nf3 g6 3. Nbd2 Bg7 4. e4 d6 5. Bc4 e6 6. O-O O-O 7. Re1 c6 8. Qe2
d5 9. Bd3 dxe4 10. Nxe4 Nxe4 11. Qxe4 Nd7 12. c3 Nf6 13. Qh4 Nd5 14. Bg5 Bf6
15. Qh6 Bg7 16. Qh4 Bf6 17. c4 Bxg5 18. Nxg5 Nf6 19. Qh6 Qxd4 20. Re4 Qxb2 21.
Rb1 Qd2 22. Rd4 Qc3 23. Rf4 Rd8 24. Bf1 Qe5 25. g3 Rd4 26. Re1 Qxe1 27. Rxf6
1-0

[Event "Euskadi ch"]
[Site "Amorebieta"]
[Date "2006.04.20"]
[Round "3.11"]
[White "PRIETO ARANGUREN, Alain"]
[Black "ARCE BALLUERCA, Jorge"]
[Result "1/2-1/2"]
[WhiteElo "2106"]
[BlackElo "2105"]
[PlyCount "85"]
[EventDate "2006.04.18"]

1. Nf3 d5 2. g3 Nf6 3. Bg2 Bg4 4. c4 c6 5. Qb3 Qb6 6. Qxb6 axb6 7. Ne5 Bf5 8.
d3 e6 9. O-O Bd6 10. f4 Nbd7 11. Nxd7 Kxd7 12. Nc3 Bc5+ 13. Kh1 h5 14. h3 Bg4
15. e3 d4 16. hxg4 hxg4+ 17. Kg1 dxc3 18. bxc3 Ra4 19. Re1 Bd6 20. Re2 Rha8 21.
Rc2 Nh5 22. Kf2 g5 23. Bd2 gxf4 24. gxf4 f5 25. Rb2 Kc7 26. Kg1 e5 27. fxe5
Bxe5 28. Be1 f4 29. exf4 Nxf4 30. d4 Bd6 31. Rab1 Rxa2 32. c5 bxc5 33. Rxb7+
Kc8 34. Bxc6 Bc7 35. Kf1 R2a7 36. Rxa7 Rxa7 37. Be4 cxd4 38. Bf5+ Kd8 39. Bh4+
Ke8 40. Re1+ Kf8 41. cxd4 Bd6 42. Bxg4 Rh7 43. Bf2 1/2-1/2

[Event "Euskadi ch"]
[Site "Amorebieta"]
[Date "2006.04.19"]
[Round "3.12"]
[White "BRATU, Jorge"]
[Black "GOIRIA MONTOYA, Anton"]
[Result "1/2-1/2"]
[WhiteElo "2023"]
[BlackElo "1932"]
[PlyCount "70"]
[EventDate "2006.04.18"]

1. e4 c5 2. Ne2 Nc6 3. Nbc3 Nf6 4. g3 g6 5. Bg2 Bg7 6. d3 O-O 7. O-O d6 8. Nd5
e6 9. Nxf6+ Bxf6 10. f3 d5 11. exd5 exd5 12. Nf4 d4 13. c4 Bf5 14. Re1 Qd7 15.
Nd5 Bg7 16. Bf4 Rfe8 17. Qd2 Rxe1+ 18. Rxe1 Re8 19. Rxe8+ Qxe8 20. Kf1 Ne5 21.
Bxe5 Qxe5 22. Qe2 Kf8 23. f4 Qd6 24. Be4 Be6 25. Kf2 f5 26. Bf3 Kf7 27. Qc2 Qd7
28. b3 Bf8 29. Qd2 b6 30. a4 Bd6 31. Qd1 Bb8 32. Qd2 Qd8 33. Qc1 Qd6 34. Qd2
Qd8 35. Qc1 Qd6 1/2-1/2

[Event "Euskadi ch"]
[Site "Amorebieta"]
[Date "2006.04.20"]
[Round "4.1"]
[White "ANDRES GONZALEZ, Alberto"]
[Black "GOMEZ ESTEBAN, Juan Mario"]
[Result "1/2-1/2"]
[WhiteElo "2413"]
[BlackElo "2491"]
[PlyCount "51"]
[EventDate "2006.04.18"]

1. d4 d5 2. c4 c6 3. Nc3 Nf6 4. Nf3 dxc4 5. a4 Bf5 6. e3 e6 7. Bxc4 Bb4 8. O-O
Nbd7 9. Qe2 O-O 10. e4 Bg6 11. Bd3 Re8 12. Bf4 Bh5 13. e5 Nd5 14. Bd2 c5 15.
Nxd5 Bxd2 16. Qxd2 Bxf3 17. Nf4 Bc6 18. b4 cxb4 19. a5 Qg5 20. g3 f6 21. exf6
Nxf6 22. h4 Qg4 23. Be2 Qf5 24. Bd3 Qg4 25. Be2 Qf5 26. Bd3 1/2-1/2

[Event "Euskadi ch"]
[Site "Amorebieta"]
[Date "2006.04.20"]
[Round "4.2"]
[White "NAVARRO CIA, Miguel"]
[Black "GONZALEZ DE LA TORRE, Sant"]
[Result "0-1"]
[WhiteElo "2307"]
[BlackElo "2318"]
[PlyCount "102"]
[EventDate "2006.04.18"]

1. e4 c5 2. Nf3 e6 3. d4 cxd4 4. Nxd4 a6 5. c4 Nf6 6. Nc3 Qc7 7. a3 b6 8. Be3
Bb7 9. f3 d6 10. Rc1 Be7 11. Be2 Nbd7 12. O-O O-O 13. Kh1 Rac8 14. b4 Qb8 15.
Bg1 Kh8 16. Qd2 Rg8 17. Rfe1 Bd8 18. Bf1 Qa8 19. Nb3 Bc7 20. Qd4 g5 21. a4 Qb8
22. Rb1 g4 23. f4 g3 24. h3 e5 25. Qd2 exf4 26. Bd4 f3 27. gxf3 Rg6 28. Nd5
Bxd5 29. exd5 Ne5 30. f4 Ned7 31. Bd3 Rh6 32. Kg2 Rg8 33. Re3 b5 34. axb5 axb5
35. Rxg3 bxc4 36. Bxc4 Bb6 37. Rg1 Re8 38. Kh2 Bxd4 39. Nxd4 Ne4 40. Qb2 f6 41.
Rg7 Qc8 42. Nc6 Ne5 43. Qg2 Rg6 44. Rxg6 Nxg6 45. Qg4 Nd2 46. f5 Re4 47. Qg2
Qxf5 48. Qxd2 Rxc4 49. Rg2 Ne5 50. Qh6 Nf3+ 51. Kh1 Qb1+ 0-1

[Event "Euskadi ch"]
[Site "Amorebieta"]
[Date "2006.04.20"]
[Round "4.3"]
[White "LIMERES, Cristobal"]
[Black "ARGANDOÑA RIVEIRO, Iñigo"]
[Result "0-1"]
[WhiteElo "2238"]
[BlackElo "2352"]
[PlyCount "126"]
[EventDate "2006.04.18"]

1. Nf3 d5 2. d4 a6 3. Bf4 Nf6 4. e3 Bg4 5. Nbd2 e6 6. h3 Bxf3 7. Qxf3 Bd6 8.
Bd3 O-O 9. O-O Nc6 10. Bg5 Nb4 11. Bxf6 Qxf6 12. Qxf6 gxf6 13. Rfc1 Nxd3 14.
cxd3 f5 15. g3 h5 16. Nf3 Kh7 17. Kf1 Rg8 18. Ke2 Rg7 19. Rg1 Be7 20. Rac1 c6
21. Rc3 Bd6 22. Rb3 f6 23. Rc3 a5 24. Rcc1 Kg8 25. Rc3 a4 26. Rcc1 Kf7 27. Nh4
Ra5 28. Kf3 Rb5 29. Rc2 Rg5 30. Ng2 e5 31. dxe5 fxe5 32. d4 e4+ 33. Ke2 Rg8 34.
h4 Ke6 35. Rd1 Kd7 36. Rdd2 Rb4 37. Kd1 Rc4 38. Kc1 b6 39. Kb1 Rxc2 40. Kxc2
Ke6 41. Kc3 c5 42. Nf4+ Bxf4 43. exf4 Kd6 44. b3 axb3 45. Kxb3 e3 46. fxe3 Rxg3
47. Ka4 Kc6 48. dxc5 b5+ 49. Kb3 Rxe3+ 50. Kc2 Rf3 51. Rg2 Rxf4 52. Rg5 Rxh4
53. Rxf5 Kxc5 54. Rf8 Rc4+ 55. Kd3 h4 56. Rc8+ Kb4 57. Rd8 h3 58. Rh8 Rc1 59.
Kd2 Rh1 60. Kc2 h2 61. Kb2 Kc5 62. Rh3 b4 63. Rh8 d4 0-1

[Event "Euskadi ch"]
[Site "Amorebieta"]
[Date "2006.04.20"]
[Round "4.4"]
[White "VARAS, Carlos"]
[Black "ARIAS GARCIA, Luis Javier"]
[Result "1/2-1/2"]
[WhiteElo "2291"]
[BlackElo "2196"]
[PlyCount "67"]
[EventDate "2006.04.18"]

1. e4 c5 2. Nf3 Nc6 3. d4 cxd4 4. Nxd4 Nf6 5. Nc3 d6 6. Be2 g6 7. Be3 Bg7 8.
Nb3 Bd7 9. O-O O-O 10. f4 Qc8 11. Kh1 Bg4 12. Bg1 Bxe2 13. Qxe2 Qg4 14. Qd2
Rac8 15. h3 Qh5 16. Rae1 Rfd8 17. Nd5 e6 18. Nxf6+ Bxf6 19. c4 b6 20. Be3 b5
21. f5 Bh4 22. Rc1 Ne5 23. fxe6 fxe6 24. g4 Nxg4 25. hxg4 Qxg4 26. Qg2 Qh5 27.
Qh3 bxc4 28. Qxe6+ Kh8 29. Kg1 Bg3 30. Bd4+ Be5 31. Bxe5+ dxe5 32. Qf6+ Kg8 33.
Qf7+ Kh8 34. Qf6+ 1/2-1/2

[Event "Euskadi ch"]
[Site "Amorebieta"]
[Date "2006.04.20"]
[Round "4.5"]
[White "OLAIZOLA ORTEGA, Luis"]
[Black "HUERGA LEACHE, Mikel"]
[Result "0-1"]
[WhiteElo "2216"]
[BlackElo "2244"]
[PlyCount "106"]
[EventDate "2006.04.18"]

1. d4 d5 2. c4 e5 3. dxe5 d4 4. Nf3 Nc6 5. g3 Bg4 6. a3 Qe7 7. Bg2 O-O-O 8. O-O
Nxe5 9. Nxe5 Qxe5 10. Qa4 a6 11. Bf4 Qe6 12. Bd5 Qd7 13. Qa5 Nf6 14. Bg2 Be6
15. Rd1 Qe7 16. Nd2 Qc5 17. Nb3 Qxa5 18. Nxa5 c6 19. b4 Bd6 20. Rxd4 Bc7 21.
Rxd8+ Rxd8 22. Bxc7 Kxc7 23. b5 Kb6 24. bxa6 Kxa5 25. axb7 Bd7 26. Rb1 Rb8 27.
c5 Ka6 28. Rb6+ Ka7 29. Bxc6 Bxc6 30. Rxc6 Kxb7 31. Rd6 Kc7 32. f3 Nd7 33. Rd4
Nxc5 34. f4 Rb3 35. f5 Nd7 36. a4 Ra3 37. Kf2 Ne5 38. h3 f6 39. Kg2 Ra1 40. g4
Nd7 41. g5 Ra2 42. Re4 Ne5 43. Kf2 Kd7 44. Ke3 Ra3+ 45. Kf2 Ra1 46. Rb4 Kc7 47.
Rd4 Ra3 48. Kg2 Nc6 49. Re4 Ne5 50. Rd4 h5 51. Re4 Ra2 52. Kf2 Kd6 53. Rb4 Nd3+
0-1

[Event "Euskadi ch"]
[Site "Amorebieta"]
[Date "2006.04.20"]
[Round "4.6"]
[White "PEREZ DE MIGUEL, Alvaro"]
[Black "DIEZ FRAILE, David"]
[Result "1-0"]
[WhiteElo "2070"]
[BlackElo "2170"]
[PlyCount "55"]
[EventDate "2006.04.18"]

1. d4 Nf6 2. Nf3 e6 3. c4 b6 4. g3 Bb7 5. Bg2 Be7 6. O-O O-O 7. Nc3 Ne4 8. Qc2
Nxc3 9. Qxc3 f5 10. d5 Bf6 11. Qc2 Na6 12. Rd1 Nc5 13. Nd4 Qe8 14. b4 Ne4 15.
Rb1 exd5 16. Bb2 c5 17. bxc5 bxc5 18. Nxf5 d4 19. f3 Ng5 20. Ba3 Bc6 21. Bxc5
Qe6 22. h4 Be5 23. Bxf8 Rxf8 24. hxg5 Rxf5 25. Bh3 Bxg3 26. Qxf5 Qe3+ 27. Kh1
Qf2 28. Bg2 1-0

[Event "Euskadi ch"]
[Site "Amorebieta"]
[Date "2006.04.20"]
[Round "4.7"]
[White "SALINERO DE PRADO, Juan M"]
[Black "AGIRRETXE SAN SEBASTIAN, Jesus"]
[Result "1-0"]
[WhiteElo "2128"]
[BlackElo "2168"]
[PlyCount "82"]
[EventDate "2006.04.18"]

1. d4 d5 2. Nf3 Nc6 3. Nc3 Bf5 4. Bf4 e6 5. a3 Bd6 6. Bxd6 cxd6 7. e3 Nf6 8.
Bd3 Bxd3 9. Qxd3 O-O 10. O-O Rc8 11. Rfe1 Na5 12. Nd2 Qb6 13. Rab1 Nc4 14. Nxc4
Rxc4 15. Ne2 Rfc8 16. c3 Qc7 17. h3 Qd7 18. g4 b5 19. Ng3 Qb7 20. Kg2 a5 21.
Re2 b4 22. cxb4 axb4 23. Qb3 Qa6 24. a4 g6 25. Ra1 e5 26. g5 Ne4 27. Nxe4 dxe4
28. dxe5 d5 29. Qd1 Qe6 30. Rd2 Qxe5 31. Rxd5 Qxb2 32. Rb1 Qa2 33. Rd8+ Rxd8
34. Qxd8+ Kg7 35. Qf6+ Kg8 36. Rd1 Rc8 37. Rd8+ Rxd8 38. Qxd8+ Kg7 39. Qd4+ Kg8
40. Qxb4 Qd5 41. Qb5 Qd1 1-0

[Event "Euskadi ch"]
[Site "Amorebieta"]
[Date "2006.04.20"]
[Round "4.8"]
[White "URIA RAMIREZ, Aitor"]
[Black "ASTASIO LOPEZ, David"]
[Result "0-1"]
[WhiteElo "2015"]
[BlackElo "2074"]
[PlyCount "45"]
[EventDate "2006.04.18"]

1. d4 d5 2. Nf3 Nf6 3. Bf4 e6 4. e3 Bd6 5. Ne5 O-O 6. Bd3 b6 7. Nd2 Bb7 8. Qf3
c5 9. c3 Qc7 10. Qh3 g6 11. Bh6 Re8 12. f4 Ne4 13. Bxe4 dxe4 14. O-O Bf8 15.
Bxf8 Rxf8 16. f5 exf5 17. Rxf5 Bc8 18. Ng4 Bxf5 19. Nh6+ Kh8 20. Nxf5 gxf5 21.
Qxf5 f6 22. Nxe4 Qe7 23. Rf1 0-1

[Event "Euskadi ch"]
[Site "Amorebieta"]
[Date "2006.04.20"]
[Round "4.9"]
[White "ARCE BALLUERCA, Jorge"]
[Black "ARGAYA URDANIZ, Miguel"]
[Result "1/2-1/2"]
[WhiteElo "2105"]
[BlackElo "2073"]
[PlyCount "48"]
[EventDate "2006.04.18"]

1. c4 Nf6 2. Nc3 g6 3. g3 d5 4. cxd5 Nxd5 5. Qb3 c6 6. Bg2 Nb6 7. Nf3 Be6 8.
Qc2 Bg7 9. O-O O-O 10. d4 Na6 11. Qe4 Bf5 12. Qh4 e5 13. Qxd8 Raxd8 14. dxe5
Nc4 15. Nh4 Bxe5 16. Nxf5 gxf5 17. Bh3 Nd2 18. Re1 f4 19. gxf4 Bxf4 20. Ne4 Nb4
21. Bf5 Kh8 22. Nxd2 Bxd2 23. Rd1 Bxc1 24. Raxc1 Rg8+ 1/2-1/2

[Event "Euskadi ch"]
[Site "Amorebieta"]
[Date "2006.04.20"]
[Round "4.10"]
[White "AXPE BALENCIAGA, Iñigo"]
[Black "HERNANDEZ PEREZ, Jesus"]
[Result "0-1"]
[WhiteElo "2038"]
[BlackElo "2036"]
[PlyCount "136"]
[EventDate "2006.04.18"]

1. d4 d5 2. c4 c6 3. Nc3 Nf6 4. Nf3 e6 5. Bg5 dxc4 6. g3 Be7 7. Bg2 Nbd7 8. O-O
h6 9. Bxf6 Nxf6 10. Ne5 O-O 11. Nxc4 Nd5 12. e4 Nxc3 13. bxc3 b6 14. Ne3 Bb7
15. Qb3 Rc8 16. Rad1 Qc7 17. c4 Rfd8 18. f4 Rd7 19. e5 Rcd8 20. Qc3 g6 21. Rf2
Bc8 22. g4 f5 23. gxf5 gxf5 24. Rfd2 Bf8 25. Qb3 Kh8 26. Kh1 Rf7 27. Nf1 Qe7
28. Qh3 Bb7 29. Ne3 Qe8 30. Qh5 Rfd7 31. Qxe8 Rxe8 32. d5 cxd5 33. cxd5 Bc5 34.
Nc2 exd5 35. Nd4 Bxd4 36. Rxd4 Rc8 37. Kg1 Rc2 38. R1d2 Rxd2 39. Rxd2 Kg7 40.
Bh3 Kf8 41. Kf2 d4 42. e6 Rd6 43. Bxf5 Ke7 44. Bh3 Kf6 45. f5 Bc6 46. Kg3 Rd8
47. Kf4 Rd6 48. Bg2 Be8 49. Be4 a5 50. Bd3 b5 51. Rc2 Bc6 52. Re2 b4 53. Re1
Be8 54. Rg1 a4 55. Rb1 b3 56. axb3 axb3 57. Rxb3 Rd8 58. Rb7 Rc8 59. Rh7 h5 60.
Ke4 Rd8 61. Rc7 Ba4 62. h4 Be8 63. Rc4 Rb8 64. Rxd4 Rc8 65. Rb4 Rd8 66. Ke3 Rc8
67. Be4 Rd8 68. Kf4 Rd1 {bandera} 0-1

[Event "Euskadi ch"]
[Site "Amorebieta"]
[Date "2006.04.20"]
[Round "4.11"]
[White "BRATU, Jorge"]
[Black "PRIETO ARANGUREN, Alain"]
[Result "1/2-1/2"]
[WhiteElo "2023"]
[BlackElo "2106"]
[PlyCount "41"]
[EventDate "2006.04.18"]

1. e4 c6 2. Nc3 d5 3. Nf3 Bg4 4. h3 Bxf3 5. Qxf3 Nf6 6. d3 e6 7. a3 Bd6 8. g3
Nbd7 9. Bg2 Qc7 10. O-O O-O-O 11. exd5 exd5 12. Re1 Kb8 13. d4 h6 14. b4 a6 15.
Na4 Ne4 16. Nc5 f5 17. Ne6 Qb6 18. Nxg7 Qxd4 19. Nxf5 Qf6 20. Nxd6 Nxd6 21. c3
{ILEGIBLE} 1/2-1/2

[Event "Euskadi ch"]
[Site "Amorebieta"]
[Date "2006.04.20"]
[Round "4.12"]
[White "GALARZA DOCAMPO, Karmel"]
[Black "GOIRIA MONTOYA, Anton"]
[Result "0-1"]
[WhiteElo "2149"]
[BlackElo "1932"]
[PlyCount "50"]
[EventDate "2006.04.18"]

1. d4 d5 2. c4 c6 3. Nc3 dxc4 4. e3 b5 5. a4 b4 6. Na2 e6 7. Bxc4 Bb7 8. Nf3
Nf6 9. O-O Be7 10. Bd2 a5 11. Nc1 O-O 12. Nb3 Nbd7 13. Qe2 Qb6 14. Rfc1 Rfc8
15. e4 c5 16. e5 Nd5 17. Bd3 cxd4 18. Nbxd4 Nc5 19. Bb1 Ba6 20. Nb5 Nxa4 21.
Nfd4 Nxb2 22. Rxc8+ Rxc8 23. Qe4 g6 24. Nd6 Bxd6 25. exd6 Qxd6 0-1

[Event "Euskadi ch"]
[Site "Amorebieta"]
[Date "2006.04.21"]
[Round "5.1"]
[White "GONZALEZ DE LA TORRE, Sant"]
[Black "ARGANDOÑA RIVEIRO, Iñigo"]
[Result "0-1"]
[WhiteElo "2318"]
[BlackElo "2352"]
[PlyCount "68"]
[EventDate "2006.04.18"]

1. e4 c5 2. Nf3 d6 3. d4 cxd4 4. Nxd4 Nf6 5. Nc3 g6 6. Be3 Bg7 7. f3 O-O 8. Qd2
Nc6 9. Bc4 Bd7 10. O-O-O Rb8 11. Bb3 Na5 12. Bh6 Bxh6 13. Qxh6 b5 14. h4 e5 15.
Nde2 b4 16. Nd5 Nxb3+ 17. axb3 Nxd5 18. Rxd5 Be6 19. h5 Qc7 20. Rd3 Rfc8 21. c3
Bxb3 22. f4 exf4 23. Nxf4 bxc3 24. bxc3 Ba2 25. hxg6 fxg6 26. Kc2 Qb7 27. Kd2
Re8 28. Rxd6 Rbd8 29. e5 Rxd6+ 30. exd6 Qb2+ 31. Kd3 Bb1+ 32. Rxb1 Qxb1+ 33.
Kd2 Re1 34. c4 Qc1+ 0-1

[Event "Euskadi ch"]
[Site "Amorebieta"]
[Date "2006.04.21"]
[Round "5.2"]
[White "GOMEZ ESTEBAN, Juan Mario"]
[Black "PEREZ DE MIGUEL, Alvaro"]
[Result "1-0"]
[WhiteElo "2491"]
[BlackElo "2070"]
[PlyCount "59"]
[EventDate "2006.04.18"]

1. e4 c6 2. d4 d5 3. Nd2 dxe4 4. Nxe4 Nd7 5. Bd3 Ngf6 6. Ng5 e6 7. N1f3 Bd6 8.
Qe2 h6 9. Ne4 Nxe4 10. Qxe4 Nf6 11. Qe2 Qc7 12. O-O O-O 13. c4 c5 14. dxc5 Bxc5
15. Bd2 b6 16. Bc3 Bb7 17. Ne5 Rad8 18. Rad1 Rfe8 19. Rfe1 Qe7 20. a3 Ba8 21.
b4 Qb7 22. Qf1 Bd6 23. f3 a5 24. Qf2 Nd7 25. Bh7+ Kxh7 26. Nxf7 Bc7 27. Qc2+ g6
28. Qc1 Ne5 29. Qxh6+ Kg8 30. Nxd8 1-0

[Event "Euskadi ch"]
[Site "Amorebieta"]
[Date "2006.04.22"]
[Round "5.3"]
[White "HUERGA LEACHE, Mikel"]
[Black "ANDRES GONZALEZ, Alberto"]
[Result "0-1"]
[WhiteElo "2244"]
[BlackElo "2413"]
[PlyCount "118"]
[EventDate "2006.04.18"]

1. e4 d5 2. exd5 Qxd5 3. Nc3 Qd6 4. d4 Nf6 5. Nf3 a6 6. g3 Bg4 7. Bg2 Nc6 8. d5
Nb4 9. O-O Nbxd5 10. Nxd5 Nxd5 11. Qd4 Nf6 12. Bf4 Qxd4 13. Nxd4 O-O-O 14. Nb3
Nd5 15. Bd2 e6 16. Na5 c6 17. c4 Nb4 18. Bc3 f6 19. a3 Nc2 20. Rab1 Bc5 21. b4
Bd4 22. Bxd4 Nxd4 23. b5 axb5 24. cxb5 Kc7 25. bxc6 b6 26. Nb3 Ne2+ 27. Kh1 Rd3
28. h3 Bf5 29. g4 Bg6 30. Nc5 bxc5 31. Rb7+ Kc8 32. Rfb1 Rxh3+ 33. Bxh3 Bxb1
34. Rxb1 Nf4 35. Bf1 Kc7 36. Rb7+ Kxc6 37. Rxg7 Ra8 38. Rxh7 Kd6 39. Rf7 Nd5
40. g5 fxg5 41. Rg7 Rxa3 42. Rxg5 Ra1 43. Rg1 Ra2 44. Kg2 Ne3+ 45. Kf3 Nxf1 46.
Rxf1 c4 47. Re1 Rd2 48. Ra1 Kc5 49. Ra5+ Kd4 50. Ra6 e5 51. Rd6+ Kc3 52. Re6
Rd5 53. Ke4 Rc5 54. Rxe5 Rxe5+ 55. Kxe5 Kd3 56. f4 c3 57. f5 c2 58. f6 c1=Q 59.
Ke6 Qc7 0-1

[Event "Euskadi ch"]
[Site "Amorebieta"]
[Date "2006.04.21"]
[Round "5.4"]
[White "VARAS, Carlos"]
[Black "SALINERO DE PRADO, Juan M"]
[Result "1/2-1/2"]
[WhiteElo "2291"]
[BlackElo "2128"]
[PlyCount "51"]
[EventDate "2006.04.18"]

1. e4 c5 2. Nf3 a6 3. Nc3 e6 4. d4 b5 5. dxc5 Bxc5 6. Bd3 Qc7 7. O-O Nc6 8. Re1
Nge7 9. e5 Ng6 10. Qe2 Bb7 11. Bd2 Nd4 12. Nxd4 Bxd4 13. Qh5 Nxe5 14. Bf4 Bxc3
15. bxc3 d6 16. a4 g6 17. Qh6 Nxd3 18. cxd3 Qc6 19. f3 O-O-O 20. axb5 Qxb5 21.
c4 Qf5 22. d4 Rhg8 23. c5 g5 24. Bxd6 g4 25. fxg4 Rxg4 26. Bg3 1/2-1/2

[Event "Euskadi ch"]
[Site "Amorebieta"]
[Date "2006.04.21"]
[Round "5.5"]
[White "ASTASIO LOPEZ, David"]
[Black "ARIAS GARCIA, Luis Javier"]
[Result "1-0"]
[WhiteElo "2074"]
[BlackElo "2196"]
[PlyCount "107"]
[EventDate "2006.04.18"]

1. d4 Nf6 2. Nf3 g6 3. Nbd2 d5 4. e3 Bg7 5. Bd3 b6 6. Ne5 Bb7 7. f4 O-O 8. O-O
Nbd7 9. Qf3 c5 10. c3 Rc8 11. Qh3 e6 12. Ndf3 Qe7 13. Bd2 Ne4 14. Be1 f6 15.
Ng4 e5 16. fxe5 fxe5 17. Bh4 Qd6 18. Bxe4 dxe4 19. Nfxe5 Nxe5 20. Bg3 cxd4 21.
cxd4 Ba6 22. Bxe5 Bxe5 23. dxe5 Rxf1+ 24. Rxf1 Qc7 25. Nh6+ Kh8 26. Nf7+ Kg8
27. Ng5 Kh8 28. Qe6 Bxf1 29. Nf7+ Kg8 30. Qf6 Kf8 31. Nd6+ Kg8 32. Qe6+ Kg7 33.
Qxc8 Qxc8 34. Nxc8 Bc4 35. Nxa7 Bxa2 36. Nc8 Kf7 37. Nxb6 Ke6 38. Na4 Kxe5 39.
Nc3 Bb3 40. Kf2 g5 41. Kg3 Be6 42. Kf2 h5 43. Ke2 h4 44. Kd2 g4 45. g3 h3 46.
Ne2 Bc4 47. Nd4 Kd5 48. Kc3 Ba6 49. Nb3 Bc8 50. Nd4 Bd7 51. Kb4 Be8 52. Ne2 Bd7
53. Nc3+ Ke5 54. Kc5 1-0

[Event "Euskadi ch"]
[Site "Amorebieta"]
[Date "2006.04.22"]
[Round "5.6"]
[White "DIEZ FRAILE, David"]
[Black "NAVARRO CIA, Miguel"]
[Result "1/2-1/2"]
[WhiteElo "2170"]
[BlackElo "2307"]
[PlyCount "71"]
[EventDate "2006.04.18"]

1. e4 c5 2. Nf3 e6 3. d4 cxd4 4. Nxd4 Nc6 5. Nb5 Nf6 6. N1c3 d6 7. Bf4 e5 8.
Bg5 a6 9. Bxf6 gxf6 10. Na3 f5 11. exf5 b5 12. Nd5 Bxf5 13. c3 Be6 14. g3 Bg7
15. Bg2 Rc8 16. Nc2 O-O 17. O-O f5 18. a4 Kh8 19. axb5 axb5 20. Ra6 Nb8 21. Ra7
Nd7 22. Ncb4 Bg8 23. Qe2 f4 24. Qg4 Rf7 25. Rfa1 fxg3 26. hxg3 Rc4 27. Qh5 Nf6
28. Nxf6 Rxf6 29. Ra8 Rc8 30. Bb7 Rxa8 31. Rxa8 Qb6 32. Bf3 Bf8 33. Ra6 Qc5 34.
Rc6 Qa7 35. Ra6 Qc5 36. Rc6 1/2-1/2

[Event "Euskadi ch"]
[Site "Amorebieta"]
[Date "2006.04.21"]
[Round "5.9"]
[White "GOIRIA MONTOYA, Anton"]
[Black "ARCE BALLUERCA, Jorge"]
[Result "0-1"]
[WhiteElo "1932"]
[BlackElo "2105"]
[PlyCount "64"]
[EventDate "2006.04.18"]

1. c4 Nf6 2. Nc3 g6 3. Nf3 Bg7 4. g3 O-O 5. Bg2 c6 6. O-O d5 7. cxd5 Nxd5 8. d4
Bf5 9. Bg5 h6 10. Bd2 Nd7 11. Re1 Nxc3 12. Bxc3 Be4 13. Qd2 Nf6 14. Qf4 g5 15.
Qe3 Qd5 16. a3 Rad8 17. Rad1 Ng4 18. Qc1 a5 19. Rd2 f5 20. Qd1 f4 21. h3 fxg3
22. hxg4 gxf2+ 23. Kxf2 h5 24. Bh3 Rf4 25. Kg3 hxg4 26. Bxg4 Rxg4+ 27. Kxg4
Qf5+ 28. Kg3 Qf4+ 29. Kg2 g4 30. Rf1 Rd5 31. Qe1 gxf3+ 32. exf3 Rg5+ 0-1